000 00500nam a22001697a 4500
005 20211026151527.0
008 180223b ||||| |||| 00| 0 eng d
020 _a9788126556793
040 _cc
082 _a621.3822 ZIE
100 _aZiemer, Rodger E.
_9773
245 _aPrinciple of Communications Systems, Modulation, and Noise /
_cRodger E. Ziemer and William H. Tranter
260 _aNew Delhi :
_bWiley,
_c2015.
300 _a734 p. ;
_c24 cm.
500 _aPaperback.
942 _2ddc
_cBK
999 _c356168
_d356168